Guess the countries + territories that start with I - Statistics

General Stats
  • This quiz has been taken 51 times
  • The average score is 9 of 10
Answer Stats
Picture Answer % Correct
Iran
100%
Israel
100%
Iceland
98%
India
98%
Indonesia
98%
Iraq
98%
Ireland
98%
Italy
93%
Ivory Coast
93%
Isle of Man
69%
No matching quizzes found
Score Distribution
Percent of People with Each Score
Percentile by Number Answered
Your Score History
You have not taken this quiz